People's Rights: Social movements and the state in the third world (Record no. 394659)

MARC details
000 -LEADER
fixed length control field 00614 a2200217 4500
005 - DATE & TIME
control field 20260314094634.0
008 - FIXED-LENGTH DATA ELEMENTS--GENERAL INFORMATION
fixed length control field 260313b |||||||| |||| 00| 0 eng d
020 ## - ISBN
International Standard Book Number 9789350028872
Price Rs. 899.00
040 ## - CATALOGING SOURCE
Original cataloging agency VIVEKANANDA LIBRARY
082 ## - DDC NUMBER
Classification number 323.091724
Book Number M726P
100 ## - MAIN ENTRY--PERSONAL NAME
Personal name Mohanty, Manoranjan, ed.
245 ## - TITLE STATEMENT
Title People's Rights: Social movements and the state in the third world
260 ## - PUBLICATION, DISTRIBUTION, ETC. (IMPRINT)
Name of publisher, distributor, etc Aakar Books
Place of publication, distribution, etc Delhi
Date of publication, distribution, etc 2025
300 ## - PHYSICAL DESCRIPTION
Pages 436
650 ## - Subject
Subject Political Science
650 ## - Subject
Subject Social Change
650 ## - Subject
Subject Nationalism
700 ## - Added Entry Personal Name
Added Entry Personal Name Mukherji, Partha, Nath, ed.
700 ## - Added Entry Personal Name
Added Entry Personal Name Tornquist, Olle, ed.
942 ## - ADDED ENTRY ELEMENTS (KOHA)
Koha item type Books
Holdings
Withdrawn status Lost status Source of classification or shelving scheme Damaged status Not for loan Location (home branch) Sublocation or collection (holding branch) Shelving location Date acquired Koha issues (times borrowed) Koha full call number Accession No. Koha date last seen Koha item type
    Dewey Decimal Classification     VIVEKANANDA LIBRARY VIVEKANANDA LIBRARY Vivekananda Library 18/02/2026   323.091724 M726P 438450 18/02/2026 Books
© Designed and Maintained by Vivekananda Library, MDU Rohtak